Statistiques concernant Lieux de la série Kaamelott

Cliquez ici pour prendre le quiz!

Statistiques générales

  • Ce quiz a été pris 666 fois
  • Le résultat moyen est 9 sur 13

Statistiques - réponses

HintRéponse% Correct
Royaume dirigé par LéodaganCarmélide
97%
Pays d'origine de PercevalPays de Galles
88%
Pays d'origine de KaradocVannes
85%
Région d'origine d'YgerneTintagel
82%
Duché situé sur le continentAquitaine
76%
Royaume dirigé par LothOrcanie
76%
Royaume dirigé par CalogrenantCalédonie
72%
Royaume dirigé par ArthurLogres
67%
Pays d'origine de BohortGaunes
62%
Royaume dirigé par KetchatarIrlande
61%
Lac où se sont rendus Perceval et Karadoc pour tuer le « serpent géant »Lac de l'Ombre
35%
Pays d'où vient l'évêque BonifaceGermanie
27%
Colline magiqueColline de Silbury
25%

Distribution des résultats

Percentile par nombre de réponses

% des personnes avec chaque résultat

Votre développement - résultats

Vous n’avez pas pris ce quiz